[Event "Havana Gilberto Garcia Memorial-C"]
[Site "Havana"]
[Date "2024.03.03"]
[Round "7"]
[White "Torres Ymas, Diego"]
[Black "Alvarez Alburquerque, Leandro"]
[Result "1-0"]
[WhiteElo "2234"]
[BlackElo "1855"]
[PlyCount "65"]
[EventDate "2024.02.24"]
[EventType "tourn"]
[EventRounds "9"]
[EventCountry "CUB"]
[SourceTitle "CB13_2024"]
[SourceDate "2024.03.27"]
[SourceVersion "1"]
[SourceVersionDate "2024.03.27"]
[SourceQuality "1"]

1. e4 d5 2. exd5 Nf6 3. c4 c6 4. b3 cxd5 5. Bb2 d4 6. Nf3 Nc6 7. d3 e5 8. Qe2 Bd6 9. Nxd4 Bb4+ 10. Kd1 Nxd4 11. Qxe5+ Be6 12. Qxd4 Qe7 13. Qf4 0-0-0 14. Kc2 Bd6 15. Be5 Bxe5 16. Qxe5 Ng4 17. Qg3 Qf6 18. Nc3 Nxf2 19. Nb5 Rd7 20. Be2 Nxh1 21. Nxa7+ Kd8 22. Rxh1 Ke7 23. Nb5 Ra8 24. a4 g5 25. Rf1 Qg6 26. Qe5 Rc8 27. Rf2 f6 28. Qe3 Kf7 29. Nd4 Re8 30. Nxe6 Rxe6 31. Qh3 g4 32. Bxg4 Rxd3 33. Bxe6+ 1-0

[Event "Havana Gilberto Garcia Memorial-C"]
[Site "Havana"]
[Date "2024.03.02"]
[Round "5"]
[White "Torres Ymas, Diego"]
[Black "Rodriguez Hernandez, Jose Angel"]
[Result "1-0"]
[WhiteElo "2234"]
[BlackElo "2011"]
[PlyCount "109"]
[EventDate "2024.02.24"]
[EventType "tourn"]
[EventRounds "9"]
[EventCountry "CUB"]
[SourceTitle "CB13_2024"]
[SourceDate "2024.03.27"]
[SourceVersion "1"]
[SourceVersionDate "2024.03.27"]
[SourceQuality "1"]

1. e4 e6 2. d4 d5 3. Nc3 Bb4 4. Bd3 c5 5. exd5 exd5 6. dxc5 d4 7. a3 Ba5 8. b4 dxc3 9. bxa5 Nc6 10. a6 Nf6 11. axb7 Bxb7 12. Qe2+ Qe7 13. Rb1 Qxe2+ 14. Nxe2 0-0-0 15. Bf4 Nd7 16. 0-0 Nxc5 17. Bf5+ Ne6 18. Nxc3 g6 19. Bxe6+ fxe6 20. Rfe1 Rhe8 21. Ne4 e5 22. Bg5 Ne7 23. Nc5 Bc6 24. Rxe5 Rd5 25. Rbe1 Rxe5 26. Rxe5 Nd5 27. Rxe8+ Bxe8 28. Bd2 Nb6 29. f3 Nc4 30. Bc1 Kc7 31. Kf2 Kb6 32. Nb3 Kb5 33. Kg3 Ka4 34. Nc5+ Kb5 35. Ne4 Ka4 36. Nc3+ Ka5 37. Kf4 Bd7 38. g4 Bc6 39. Kg3 Kb6 40. f4 Kc5 41. f5 gxf5 42. gxf5 Kd4 43. Ne2+ Ke5 44. Kg4 Bd7 45. Ng3 Kf6 46. Bg5+ Kf7 47. Ne4 Nxa3 48. Nd6+ Kg8 49. c4 Nc2 50. Kf4 Nd4 51. Ke4 Nc6 52. Kd5 a5 53. Bd2 a4 54. f6 Nd8 55. Ba5 1-0